[Event "AUT-ch U12"]
[Site "Tschagguns"]
[Date "2012.05.27"]
[Round "4"]
[White "Mesaros, Sebastian"]
[Black "Wu, Jiong"]
[Result "1/2-1/2"]
[WhiteElo "1803"]
[BlackElo "1787"]
[PlyCount "52"]
[EventDate "2012.05.26"]
[EventType "swiss"]
[EventRounds "7"]
[EventCountry "AUT"]
[SourceTitle "CBM 148 Extra"]
[Source "ChessBase"]
[SourceDate "2012.06.22"]
[SourceVersion "1"]
[SourceVersionDate "2012.06.22"]
[SourceQuality "1"]

1. e4 e5 2. Nf3 Nc6 3. Bc4 Bc5 4. c3 Nf6 5. d3 a6 6. Bb3 Ba7 7. Nbd2 0-0 8. Nf1 d5 9. Ng3 h6 10. h3 Re8 11. 0-0 Be6 12. Bc2 dxe4 13. dxe4 Qxd1 14. Rxd1 Rad8 15. Rxd8 Rxd8 16. b3 Nh7 17. Nf1 Nf6 18. Bb2 Kf8 19. Ng3 Ke7 20. Rd1 Rxd1+ 21. Bxd1 Nh7 22. Bc2 Nf6 23. Bd1 Nh7 24. Bc2 Nf6 25. Bd1 Nh7 26. Bc2 Nf6 1/2-1/2

[Event "AUT-ch U12"]
[Site "Tschagguns"]
[Date "2012.05.26"]
[Round "2"]
[White "Mesaros, Sebastian"]
[Black "Fuerst, Alexander"]
[Result "1-0"]
[WhiteElo "1803"]
[BlackElo "1519"]
[PlyCount "75"]
[EventDate "2012.05.26"]
[EventType "swiss"]
[EventRounds "7"]
[EventCountry "AUT"]
[SourceTitle "CBM 148 Extra"]
[Source "ChessBase"]
[SourceDate "2012.06.22"]
[SourceVersion "1"]
[SourceVersionDate "2012.06.22"]
[SourceQuality "1"]

1. e4 e5 2. Nf3 Nc6 3. Bc4 Nf6 4. Ng5 d5 5. exd5 Na5 6. Bb5+ c6 7. dxc6 bxc6 8. Be2 h6 9. Nf3 e4 10. Ne5 Bc5 11. c3 Bd6 12. d4 exd3 13. Nxd3 0-0 14. 0-0 Re8 15. h3 Qc7 16. b3 Bf5 17. Nb2 Rad8 18. Bd3 Ba3 19. Nxa3 Bxd3 20. Nxd3 Qd6 21. c4 Qxd3 22. Qxd3 Rxd3 23. Be3 Nb7 24. Rad1 Rxd1 25. Rxd1 a5 26. Nc2 Re7 27. Kf1 Ne4 28. Bd4 Rd7 29. Ne3 c5 30. Bb2 Rxd1+ 31. Nxd1 Kf8 32. Ke2 Nf6 33. Bxf6 gxf6 34. Ke3 Ke7 35. Ke4 Ke6 36. Ne3 Nd8 37. Nf5 Nc6 38. a3 1-0

[Event "AUT-ch U16"]
[Site "Untersiebenbrunn"]
[Date "2012.04.05"]
[Round "7"]
[White "Mesaros, Sebastian"]
[Black "Berger, Tobias"]
[Result "0-1"]
[WhiteElo "1829"]
[BlackElo "1774"]
[PlyCount "62"]
[EventDate "2012.04.01"]
[EventType "swiss"]
[EventRounds "7"]
[EventCountry "AUT"]
[SourceTitle "CBM 147 Extra"]
[Source "ChessBase"]
[SourceDate "2012.04.24"]
[SourceVersion "1"]
[SourceVersionDate "2012.04.24"]
[SourceQuality "1"]

1. e4 c5 2. Nf3 d6 3. Bb5+ Nd7 4. 0-0 Ngf6 5. Re1 a6 6. Bf1 b6 7. c3 Bb7 8. Qc2 Rc8 9. d3 e6 10. Bg5 Be7 11. Nbd2 0-0 12. Rac1 Qc7 13. Qb1 h6 14. Bxf6 Nxf6 15. d4 cxd4 16. cxd4 Qd7 17. Rc3 d5 18. exd5 Nxd5 19. Rxc8 Rxc8 20. Rc1 Bf6 21. Ne4 Be7 22. Nc3 Nf6 23. Qd3 Nd5 24. Ne2 Rxc1 25. Nxc1 Qc7 26. Qb3 Qxc1 27. Qa4 b5 28. Qb3 Bd6 29. a4 b4 30. g3 Nf6 31. Kg2 Bxf3+ 0-1

[Event "AUT-ch U16"]
[Site "Untersiebenbrunn"]
[Date "2012.04.04"]
[Round "6"]
[White "Mesaros, Sebastian"]
[Black "Frank, Jeremias"]
[Result "0-1"]
[WhiteElo "1829"]
[BlackElo "1861"]
[PlyCount "34"]
[EventDate "2012.04.01"]
[EventType "swiss"]
[EventRounds "7"]
[EventCountry "AUT"]
[SourceTitle "CBM 147 Extra"]
[Source "ChessBase"]
[SourceDate "2012.04.24"]
[SourceVersion "1"]
[SourceVersionDate "2012.04.24"]
[SourceQuality "1"]

1. e4 e5 2. Nf3 Nc6 3. Bc4 Nf6 4. d4 exd4 5. e5 Ng4 6. 0-0 Bc5 7. h3 Ngxe5 8. Nxe5 Nxe5 9. Re1 d6 10. f4 d3+ 11. Kh1 Qh4 12. Nd2 Bg4 13. Rxe5+ dxe5 14. Qxg4 Qe1+ 15. Kh2 Bg1+ 16. Kh1 Bf2+ 17. Kh2 Qg1# 0-1

[Event "AUT-ch U16"]
[Site "Untersiebenbrunn"]
[Date "2012.04.03"]
[Round "5"]
[White "Windhager, Hannes"]
[Black "Mesaros, Sebastian"]
[Result "1-0"]
[WhiteElo "1973"]
[BlackElo "1829"]
[PlyCount "49"]
[EventDate "2012.04.01"]
[EventType "swiss"]
[EventRounds "7"]
[EventCountry "AUT"]
[SourceTitle "CBM 147 Extra"]
[Source "ChessBase"]
[SourceDate "2012.04.24"]
[SourceVersion "1"]
[SourceVersionDate "2012.04.24"]
[SourceQuality "1"]

1. e4 e6 2. d4 d5 3. Nc3 Nf6 4. Bg5 dxe4 5. Nxe4 Nbd7 6. Bd3 Be7 7. Nxf6+ Bxf6 8. Bxf6 Qxf6 9. Nf3 0-0 10. Qe2 c5 11. Qe4 Qg6 12. Qh4 f5 13. Rg1 cxd4 14. Qxd4 Qf6 15. Qxf6 Rxf6 16. Bc4 a6 17. 0-0-0 b5 18. Bb3 Nc5 19. Ne5 Nxb3+ 20. axb3 Kf8 21. Rd4 f4 22. f3 Rf5 23. Re1 Ke7 24. Kd2 Ra7 25. Nc6+ 1-0